000 00934nam a2200193Ia 4500
008 0000001984 pr a 0000000000spa00
090 _aPPR00 R62p
100 1 _aRodón, Francisco
_d1934
245 1 0 _aPersonajes de Rodón 1971-1983
300 _a76 p.
_c/ 28 cm.
500 _aExposición realizada en el Museo de la Universidad de Puerto Rico, Diciembre 2, 1983 Enero 31, 1984 \ Exposiciónorganizada con motivo del octogésimo aniversario de la Universidad de Puerto Rico. \ Texto bilingue: español e inglés \ Con el patronazgo del maestro venezolano Jesús Rafael Soto (q.e.p.d.)
600 0 0 _aRODON, FRANCISCO, 1934/
_xTRABAJOS PICTORICOS
650 1 4 _aARTE CONTEMPORANEO PUERTORRIQUEÑO
650 1 4 _xCATALOGOS
650 1 4 _xEXPOSICIONES
650 1 4 _aPINTORES PUERTORRIQUEÑOS
650 1 4 _aPINTURA PUERTORRIQUEÑA
999 _c6203
_d6203
260 _aSan Juan (Puerto Rico) : Museo de la Universidad de Puerto Rico
_c1984